[Event "Oberliga Baden 1516"]
[Site "Baden"]
[Date "2015.09.20"]
[Round "1.3"]
[White "Schwing, Hans Elmar"]
[Black "Eisenbeiser, Amadeus"]
[Result "1/2-1/2"]
[WhiteElo "2240"]
[BlackElo "2369"]
[PlyCount "96"]
[EventDate "2015.09.20"]
[EventType "team-tourn"]
[EventRounds "9"]
[EventCountry "GER"]
[SourceTitle "EXT 2018"]
[Source "ChessBase"]
[SourceDate "2017.10.13"]
[SourceVersion "1"]
[SourceVersionDate "2017.10.13"]
[SourceQuality "1"]
[WhiteTeam "Dreisamtal"]
[BlackTeam "Buchen"]
[WhiteTeamCountry "GER"]
[BlackTeamCountry "GER"]

1. d4 d6 2. e4 Nf6 3. Nc3 e5 4. Nf3 Nbd7 5. Bc4 Be7 6. 0-0 0-0 7. Re1 a6 8. a4 b6 9. b3 Bb7 10. Bb2 Re8 11. Ng5 Rf8 12. Nf3 c6 13. d5 Qc7 14. dxc6 Bxc6 15. Qe2 Nc5 16. Nd2 Qb7 17. f3 Ne6 18. Bxe6 fxe6 19. Nc4 b5 20. Na5 Qb6+ 21. Qe3 Qxe3+ 22. Rxe3 Bd7 23. Rd3 Rfb8 24. axb5 axb5 25. b4 Kf7 26. Nd1 Rc8 27. Ne3 Rc7 28. Rad1 Ra6 29. Kf2 Be8 30. Ke2 Nd7 31. Rc3 Rxc3 32. Bxc3 Nb6 33. Be1 Nc8 34. Bc3 Bd8 35. Ra1 Bc7 36. Nb3 Rxa1 37. Bxa1 Bc6 38. Nc1 Nb6 39. Nd3 Nc4 40. Bc3 Bb6 41. Bd2 Bd4 42. c3 Bb6 43. Nf2 d5 44. Nxc4 bxc4 45. Be3 d4 46. Ng4 d3+ 47. Kd2 Bc7 48. Bc5 h5 1/2-1/2